00803nam a2200169 a 450000500170000000800410001702000180005805000230007624500660009926000350016530000170020044000380021750000200025552003200027565000110059565000270060620140412111312.0010326s19uu xx 00 eng d a0-7835-1308-9 aREF 170bC54In v.9 aIn search of the missing light :ba book about not giving up. aAsia :bTime Life Asia,c1997. a29 p. ; ill. aA Child's First Library of Values aw/ casette tape aDan the mouse and his friends decide to hold a musical concert and Dan sets out in search of light to brigthen up the performance. His journey takes him high up a steep mountain, where a shooting star rewards him for his efforts. Through his search, Dan discovers that trying hard can have some surprising results. aValues aPersistency - Fiction